000 00671nam a2200253Ia 4500
005 20250425160822.0
008 250425s9999 xx 000 0 und d
020 _a847615383X
041 _aspa
082 _a005.78
100 _aMATTHEWS, MARTIN S.
245 0 _aAPLIQUE PAGEMAKER PARA PC: VERSION 3
250 _a2A ED.
260 _aEspaña
_bMCGRAW HILL
_c1990
260 _aMADRID
300 _a462
500 _aTítulo Traducido: USING PAGEMAKER FOR THE PC VERSION 3
650 _aDISEÑOS
650 _aDOCUMENTOS
650 _aPAGE MAKER
700 _aJOSE LUIS SESMA JIMENEZ; PEDRO VASQUEZ GARCIA
_etraductor
942 _c01
010 _a6031
999 _c196766
_d196766